İstanbul (Record no. 4836)

MARC details
000 -BAŞLIK
Sabit Uzunlukta Kontrol Alanı 00738na a2200265 4500
001 - KONTROL NUMARASI
Denetim Alanı 16825
003 - KONTROL NUMARASI IDENTIFIER
Denetim Alanı MIRAKIL
005 - SON İŞLEM TARİHİ VE ZAMANI
Denetim Alanı 20181213155020.0
008 - SABİT-BOY VERİ ELEMANLARI - GENEL BİLGİLER
Sabit Uzunlukta Kontrol Alanı 161014b tu 000 0
020 ## - ULUSLARARASI STANDART KİTAP NUMARASI
Uluslararası Standart Kitap Numarası 9751605601
035 ## - SİSTEM KONTROL NUMARASI
Sistem Kontrol Numarası 16825
040 ## - KATALOGLAMA KAYNAK
Orijinal Kataloglama Ajansı Milas
Kataloglama Dili tur
Metne Dönüştürmek Ajansı TR-AnCHP
041 ## - DİL KODU
Metin / Ses Parça Veya Ayrı Başlığın Dil Kodu tur
082 ## - DEWEY ONLU SINIFLANDIRMA NUMARASI
Sınıflandırma Numarası 910.9
Ürün Numarası A55i 1993
090 ## - SINIFLAMA NUMARASI
Sınıflama Numarası 910.9 A55i 1993
100 ## - ANA GİRİŞ - KİŞİSEL İSİM
Kişisel Ad Amicis, Edmondo De
245 ## - BAŞLIK TABLOSU
Başlık İstanbul
Başlığın Kalan (1874)
Sorumluluk Tablosu, Vb Edmondo De Amicis; çeviren Beynun Akyavaş
260 ## - YAYIN, DAĞITIM, VB
Yayın, Dağıtım, Vb Yeri Ankara
Yayıncı, Dağıtıcı, Vs Adı Türk Tarih Kurumu
Yayın, Dağıtım, Vb Tarihi 1993
300 ## - FİZİKSEL TANIM
Kapsam 399 s.
Boyutlar 24 sm.
490 ## - SERİSİ TABLOSU
Seri Beyanı Türk Tarih Kurumu Yayınları
Hacim / Ardışık Tanımı IV. Dizi- Sa. 14
650 ## - KONU KATMA GİRİŞ - TOPİKAL DÖNEM
Topikal Süreli Veya Coğrafi Ad Giriş Elemanı Gezi yazıları
Coğrafi Alt Bölümü İstanbul
650 ## - KONU KATMA GİRİŞ - TOPİKAL DÖNEM
Topikal Süreli Veya Coğrafi Ad Giriş Elemanı İstanbul
Genel Alt Bölümü Gezi
700 ## - KATMA GİRİŞ - KİŞİSEL İSİM
Kişisel Ad Akyavaş, Beynun
942 ## - EKLENDİ GİRİŞ ELEMANLARI (KOHA)
Sınıflandırma Veya Raf Düzeni Kaynak Dewey Decimal Classification
Koha Öğesi Türü Books
999 ## - SİSTEM KONTROL NUMARALARI (KOHA)
Koha Biblionumber 4836
Koha Biblioitemnumber 4836
Holdings
Kalıcı Konum Mevcut Konum Edinme Tarihi Edinim Kaynak Toplam Check-Out'Lar Tam Çağrı Numarası Barkod Tarih Son Görülme İtibaren Geçerli Fiyatlar Koha Öğesi Türü
CHP Kütüphanesi CHP Kütüphanesi 10/14/2016 Bağış   910.9 A55i 1993 005745 10/14/2016 10/14/2016 Books